[Event "DVM U20 2017"]
[Site "Düsseldorf GER"]
[Date "2017.12.27"]
[Round "2"]
[White "Kollars, Dmitrij"]
[Black "Köllner, Ruben Gideon"]
[Result "1/2-1/2"]
[Termination "normal"]
[Board "1.1"]
[WhiteTitle "GM"]
[WhiteElo "2501"]
[BlackElo "2147"]
[WhiteClock "00:47:14"]
[BlackClock "00:51:35"]
[WhiteTeam "Hamburger SK"]
[BlackTeam "SG Bochum"]
[PlyCount "66"]
[WhiteFideId "12909572"]
[BlackFideId "12993093"]
[EventCountry "GER"]
[EventRounds "7"]
[EventType "team-swiss"]
[EventDate "2017.12.26"]

1. e4 {[%clk 1:30:54]} d6 {[%clk 1:30:53]} 2. d4 {[%clk 1:31:14]} Nf6 {[%clk
1:31:17]} 3. Nc3 {[%clk 1:31:34]} e5 {[%clk 1:31:38]} 4. Nf3 {[%clk 1:31:35]}
Nbd7 {[%clk 1:32:02]} 5. Bc4 {[%clk 1:31:49]} Be7 {[%clk 1:32:27]} 6. a4 {[%clk
1:31:52]} c6 {[%clk 1:32:50]} 7. O-O {[%clk 1:31:40]} Qc7 {[%clk 1:33:15]} 8.
Re1 {[%clk 1:31:31]} h6 {[%clk 1:33:33]} 9. a5 {[%clk 1:31:40]} Nf8 {[%clk
1:33:39]} 10. Nh4 {[%clk 1:31:25]} g6 {[%clk 1:33:22]} 11. Nf3 {[%clk 1:31:16]}
g5 {[%clk 1:33:16]} 12. d5 {[%clk 1:30:12]} Ng6 {[%clk 1:32:47]} 13. Bb3 {[%clk
1:28:11]} Bg4 {[%clk 1:31:39]} 14. Qd3 {[%clk 1:26:01]} Nf4 {[%clk 1:29:40]}
15. Bxf4 gxf4 {[%clk 1:30:06]} 16. a6 {[%clk 1:25:26]} c5 {[%clk 1:30:01]} 17.
Ba4+ {[%clk 1:21:08]} Bd7 {[%clk 1:28:52]} 18. Bxd7+ {[%clk 1:20:07]} Qxd7
{[%clk 1:28:54]} 19. axb7 {[%clk 1:18:13]} Qxb7 {[%clk 1:29:16]} 20. Nh4 {[%clk
1:14:27]} Kf8 {[%clk 1:21:44]} 21. Nf5 {[%clk 1:13:47]} Ne8 {[%clk 1:21:53]}
22. Qa6 {[%clk 1:07:01]} Qd7 {[%clk 1:19:01]} 23. Nb5 {[%clk 1:03:13]} h5
{[%clk 1:18:26]} 24. Qc6 {[%clk 1:00:28]} Qd8 {[%clk 1:15:29]} 25. Rxa7 {[%clk
0:52:07]} Rxa7 {[%clk 1:15:21]} 26. Nxa7 {[%clk 0:52:33]} Qa5 {[%clk 1:15:15]}
27. b4 {[%clk 0:49:20]} Qxa7 {[%clk 1:14:56]} 28. b5 {[%clk 0:48:54]} Bd8
{[%clk 1:07:42]} 29. Nxd6 {[%clk 0:48:43]} Nxd6 {[%clk 1:08:05]} 30. Qxd6+
{[%clk 0:49:10]} Qe7 {[%clk 1:08:29]} 31. Qc6 {[%clk 0:47:15]} Qa7 {[%clk
0:50:48]} 32. Qd6+ {[%clk 0:47:04]} Qe7 {[%clk 0:51:13]} 33. Qc6 {[%clk
0:47:14]} Qa7 {[%clk 0:51:35]} 1/2-1/2

[Event "DVM U20 2017"]
[Site "Düsseldorf GER"]
[Date "2017.12.27"]
[Round "2"]
[White "Stricker, Florian"]
[Black "Kramer, Julian"]
[Result "0-1"]
[Termination "normal"]
[Board "1.2"]
[BlackTitle "FM"]
[WhiteElo "2080"]
[BlackElo "2373"]
[WhiteClock "00:11:57"]
[BlackClock "00:33:26"]
[WhiteTeam "SG Bochum"]
[BlackTeam "Hamburger SK"]
[PlyCount "41"]
[WhiteFideId "12976385"]
[BlackFideId "12921742"]
[EventCountry "GER"]
[EventRounds "7"]
[EventType "team-swiss"]
[EventDate "2017.12.26"]

1. d4 {[%clk 1:30:58]} Nf6 {[%clk 1:30:48]} 2. c4 {[%clk 1:31:06]} g6 {[%clk
1:31:12]} 3. Nf3 {[%clk 1:31:03]} Bg7 {[%clk 1:31:35]} 4. g3 {[%clk 1:31:23]}
c6 {[%clk 1:31:51]} 5. Bg2 {[%clk 1:31:47]} d5 {[%clk 1:32:15]} 6. O-O {[%clk
1:31:58]} O-O {[%clk 1:32:32]} 7. Nbd2 {[%clk 1:27:15]} Bf5 {[%clk 1:30:08]} 8.
cxd5 {[%clk 1:22:21]} cxd5 {[%clk 1:29:52]} 9. Ne5 {[%clk 1:20:06]} Qb6 {[%clk
1:23:06]} 10. Nb3 {[%clk 1:07:41]} Rc8 {[%clk 1:18:04]} 11. Be3 {[%clk
0:51:22]} Na6 {[%clk 1:15:07]} 12. Nd3 {[%clk 0:47:41]} Bxd3 {[%clk 1:03:09]}
13. exd3 {[%clk 0:46:55]} Qb5 {[%clk 0:59:48]} 14. Nc5 {[%clk 0:37:19]} Nxc5
{[%clk 0:56:09]} 15. dxc5 {[%clk 0:36:41]} Qxb2 {[%clk 0:40:25]} 16. Rb1 {[%clk
0:30:58]} Qxa2 {[%clk 0:39:33]} 17. Rxb7 {[%clk 0:31:14]} e6 {[%clk 0:38:52]}
18. Qa1 {[%clk 0:18:44]} Qxa1 {[%clk 0:34:28]} 19. Rxa1 {[%clk 0:17:43]} Nd7
{[%clk 0:33:26]} 20. Rbxa7 {[%clk 0:11:57]} Rxa7 21. Rxa7 0-1

[Event "DVM U20 2017"]
[Site "Düsseldorf GER"]
[Date "2017.12.27"]
[Round "2"]
[White "Uksini, Bardhyl"]
[Black "Rempe, Moritz"]
[Result "1-0"]
[Termination "normal"]
[Board "1.3"]
[WhiteElo "2331"]
[BlackElo "1990"]
[WhiteClock "00:37:07"]
[BlackClock "00:16:54"]
[WhiteTeam "Hamburger SK"]
[BlackTeam "SG Bochum"]
[PlyCount "77"]
[WhiteFideId "1628313"]
[BlackFideId "12906867"]
[EventCountry "GER"]
[EventRounds "7"]
[EventType "team-swiss"]
[EventDate "2017.12.26"]

1. Nf3 {[%clk 1:30:52]} d5 {[%clk 1:30:32]} 2. g3 {[%clk 1:31:16]} Nf6 {[%clk
1:29:33]} 3. Bg2 {[%clk 1:31:34]} Nbd7 {[%clk 1:28:12]} 4. d4 {[%clk 1:31:34]}
e6 {[%clk 1:26:31]} 5. O-O {[%clk 1:31:44]} Bd6 {[%clk 1:26:16]} 6. b3 {[%clk
1:29:10]} O-O {[%clk 1:18:54]} 7. Bb2 {[%clk 1:29:28]} Re8 {[%clk 1:18:17]} 8.
c4 {[%clk 1:29:10]} c6 {[%clk 1:14:50]} 9. e3 {[%clk 1:24:37]} b6 {[%clk
1:08:26]} 10. Nbd2 {[%clk 1:22:04]} Bb7 {[%clk 1:06:08]} 11. Qe2 {[%clk
1:21:06]} e5 {[%clk 1:02:19]} 12. cxd5 {[%clk 1:15:23]} cxd5 {[%clk 0:59:02]}
13. dxe5 {[%clk 1:10:11]} Nxe5 {[%clk 0:58:36]} 14. Nxe5 {[%clk 1:06:43]} Bxe5
{[%clk 0:58:52]} 15. Nf3 {[%clk 1:06:58]} Bxb2 {[%clk 0:53:46]} 16. Qxb2 {[%clk
1:07:08]} Ne4 {[%clk 0:51:35]} 17. Rac1 {[%clk 1:05:32]} Qd7 {[%clk 0:46:45]}
18. Qa3 {[%clk 0:59:26]} a6 {[%clk 0:38:39]} 19. Qb4 {[%clk 0:58:59]} b5 {[%clk
0:37:20]} 20. Rfd1 {[%clk 0:48:38]} a5 {[%clk 0:33:41]} 21. Qd4 {[%clk
0:48:33]} b4 {[%clk 0:32:41]} 22. Ne5 {[%clk 0:47:58]} Qe6 {[%clk 0:28:23]} 23.
Bxe4 {[%clk 0:39:40]} dxe4 {[%clk 0:28:26]} 24. Nc4 {[%clk 0:39:49]} Ba6 {[%clk
0:22:32]} 25. Qd7 {[%clk 0:34:42]} Bxc4 {[%clk 0:14:18]} 26. Rxc4 {[%clk
0:34:53]} Qxd7 {[%clk 0:13:35]} 27. Rxd7 {[%clk 0:35:18]} Red8 {[%clk 0:13:57]}
28. Rxd8+ {[%clk 0:35:30]} Rxd8 {[%clk 0:14:21]} 29. Rxe4 {[%clk 0:35:57]} f6
{[%clk 0:14:44]} 30. Rd4 {[%clk 0:36:15]} Rc8 {[%clk 0:14:58]} 31. Rd5 {[%clk
0:36:40]} Ra8 {[%clk 0:15:12]} 32. Rb5 {[%clk 0:36:24]} Kf7 {[%clk 0:15:35]}
33. Rb7+ {[%clk 0:36:50]} Kg6 {[%clk 0:15:42]} 34. Kg2 {[%clk 0:37:10]} h5
{[%clk 0:15:55]} 35. Rb5 {[%clk 0:36:22]} Ra6 {[%clk 0:16:05]} 36. h3 {[%clk
0:36:39]} f5 {[%clk 0:16:20]} 37. g4 {[%clk 0:36:13]} hxg4 {[%clk 0:16:29]} 38.
hxg4 {[%clk 0:36:39]} fxg4 {[%clk 0:16:54]} 39. Kg3 {[%clk 0:37:07]} 1-0

[Event "DVM U20 2017"]
[Site "Düsseldorf GER"]
[Date "2017.12.27"]
[Round "2"]
[White "Wübker, Paul-Luca"]
[Black "Hinrichs, Lars"]
[Result "1/2-1/2"]
[Termination "normal"]
[Board "1.4"]
[WhiteElo "2053"]
[BlackElo "2216"]
[WhiteClock "00:09:56"]
[BlackClock "00:09:56"]
[WhiteTeam "SG Bochum"]
[BlackTeam "Hamburger SK"]
[PlyCount "119"]
[WhiteFideId "12939528"]
[BlackFideId "12921769"]
[EventCountry "GER"]
[EventRounds "7"]
[EventType "team-swiss"]
[EventDate "2017.12.26"]

1. d4 {[%clk 1:30:57]} d6 {[%clk 1:31:02]} 2. e4 {[%clk 1:30:26]} Nf6 {[%clk
1:30:03]} 3. f3 e5 {[%clk 1:27:58]} 4. d5 {[%clk 1:29:26]} c6 {[%clk 1:27:58]}
5. c4 {[%clk 1:29:29]} Be7 6. Be3 Nbd7 {[%clk 1:25:02]} 7. Nc3 {[%clk 1:27:07]}
h6 {[%clk 1:22:50]} 8. Qd2 {[%clk 1:24:43]} Nf8 {[%clk 1:20:03]} 9. O-O-O
{[%clk 1:20:35]} cxd5 {[%clk 1:15:34]} 10. cxd5 {[%clk 1:19:10]} a6 {[%clk
1:13:24]} 11. g3 {[%clk 1:08:03]} b5 {[%clk 1:05:34]} 12. Bg2 {[%clk 1:02:44]}
Bd7 {[%clk 0:58:07]} 13. h3 {[%clk 0:54:48]} b4 {[%clk 0:42:52]} 14. Nce2
{[%clk 0:54:54]} Qa5 {[%clk 0:40:21]} 15. Kb1 {[%clk 0:53:41]} Bd8 {[%clk
0:39:35]} 16. f4 {[%clk 0:52:38]} Ng6 {[%clk 0:38:42]} 17. f5 {[%clk 0:52:12]}
Nf8 {[%clk 0:37:48]} 18. g4 {[%clk 0:51:39]} N8h7 {[%clk 0:32:08]} 19. Ng3
{[%clk 0:50:36]} Bb6 {[%clk 0:28:44]} 20. N1e2 {[%clk 0:49:11]} Ke7 {[%clk
0:25:03]} 21. Nc1 {[%clk 0:45:03]} Ba4 {[%clk 0:24:29]} 22. Nb3 {[%clk
0:43:34]} Bxb3 {[%clk 0:18:10]} 23. axb3 {[%clk 0:43:52]} Rhc8 {[%clk 0:18:20]}
24. Rc1 {[%clk 0:43:18]} Bxe3 {[%clk 0:14:48]} 25. Qxe3 {[%clk 0:43:35]} Rc5
{[%clk 0:14:34]} 26. Rxc5 {[%clk 0:43:27]} Qxc5 {[%clk 0:14:57]} 27. Qxc5
{[%clk 0:43:46]} dxc5 {[%clk 0:15:22]} 28. Kc2 {[%clk 0:42:09]} Nf8 {[%clk
0:13:05]} 29. Ra1 {[%clk 0:40:37]} N8d7 {[%clk 0:12:46]} 30. Ra5 {[%clk
0:36:07]} Ne8 {[%clk 0:11:54]} 31. Bf1 {[%clk 0:35:35]} Nd6 {[%clk 0:09:36]}
32. Rxa6 {[%clk 0:35:03]} Rxa6 {[%clk 0:09:33]} 33. Bxa6 {[%clk 0:35:26]} Nf6
{[%clk 0:08:42]} 34. Kd3 {[%clk 0:33:21]} g6 {[%clk 0:04:55]} 35. fxg6 {[%clk
0:29:37]} fxg6 {[%clk 0:05:19]} 36. Ke3 {[%clk 0:29:07]} Nfe8 37. Nh1 Nf6
{[%clk 0:01:12]} 38. Nf2 {[%clk 0:25:59]} g5 {[%clk 0:01:25]} 39. Be2 {[%clk
0:25:19]} Nf7 {[%clk 0:00:51]} 40. Bb5 {[%clk 0:20:59]} Nd6 {[%clk 0:00:51]}
41. Bc6 {[%clk 0:20:31]} Nc8 {[%clk 0:23:21]} 42. Ke2 {[%clk 0:44:23]} Kd6
{[%clk 0:23:08]} 43. Kd3 {[%clk 0:44:05]} Ne7 {[%clk 0:22:18]} 44. Ba4 {[%clk
0:38:50]} Ng6 {[%clk 0:22:07]} 45. Ke3 {[%clk 0:32:39]} Nf4 {[%clk 0:22:14]}
46. Kf3 {[%clk 0:32:40]} Kc7 {[%clk 0:17:36]} 47. Bb5 {[%clk 0:32:24]} Kb6
{[%clk 0:16:47]} 48. Bf1 {[%clk 0:32:39]} Ne8 {[%clk 0:16:39]} 49. Nd1 {[%clk
0:26:53]} Nd6 {[%clk 0:16:36]} 50. Ne3 {[%clk 0:27:10]} Kc7 {[%clk 0:15:55]}
51. Nd1 {[%clk 0:19:00]} Kd7 {[%clk 0:14:42]} 52. Nf2 {[%clk 0:19:16]} Ke7
{[%clk 0:15:06]} 53. Kg3 {[%clk 0:19:09]} Nf7 {[%clk 0:12:54]} 54. Bb5 {[%clk
0:12:39]} Nd6 {[%clk 0:12:59]} 55. Ba6 {[%clk 0:12:50]} Nf7 {[%clk 0:12:50]}
56. Bf1 {[%clk 0:13:11]} Kf6 {[%clk 0:12:46]} 57. Nd1 {[%clk 0:12:31]} Nd6
{[%clk 0:13:05]} 58. Kf3 {[%clk 0:12:52]} Kf7 {[%clk 0:09:32]} 59. Ne3 {[%clk
0:10:32]} Ke7 {[%clk 0:09:56]} 60. Nd1 {[%clk 0:09:56]} 1/2-1/2

[Event "DVM U20 2017"]
[Site "Düsseldorf GER"]
[Date "2017.12.27"]
[Round "2"]
[White "Elbracht, Michael"]
[Black "Finke, Dominik"]
[Result "0-1"]
[Termination "normal"]
[Board "1.5"]
[WhiteElo "2008"]
[BlackElo "2049"]
[WhiteClock "00:21:04"]
[BlackClock "00:29:14"]
[WhiteTeam "Hamburger SK"]
[BlackTeam "SG Bochum"]
[PlyCount "134"]
[WhiteFideId "12945595"]
[BlackFideId "16202511"]
[EventCountry "GER"]
[EventRounds "7"]
[EventType "team-swiss"]
[EventDate "2017.12.26"]

1. e4 {[%clk 1:30:57]} e5 {[%clk 1:30:49]} 2. Nf3 {[%clk 1:31:22]} Nc6 {[%clk
1:31:14]} 3. d4 {[%clk 1:31:48]} exd4 {[%clk 1:31:37]} 4. Nxd4 {[%clk 1:32:14]}
Bc5 {[%clk 1:31:59]} 5. Nb3 {[%clk 1:32:40]} Bb6 {[%clk 1:31:41]} 6. Nc3 {[%clk
1:33:05]} Nf6 {[%clk 1:26:35]} 7. Qe2 {[%clk 1:33:23]} O-O {[%clk 1:20:12]} 8.
Bg5 {[%clk 1:33:29]} h6 {[%clk 1:16:23]} 9. Be3 {[%clk 1:32:17]} d6 {[%clk
1:08:26]} 10. O-O-O {[%clk 1:31:53]} Re8 {[%clk 1:07:35]} 11. f3 {[%clk
1:30:37]} Be6 {[%clk 1:00:48]} 12. g4 {[%clk 1:23:18]} Qe7 {[%clk 0:52:43]} 13.
h4 {[%clk 1:15:04]} Bc4 {[%clk 0:37:38]} 14. Qf2 {[%clk 1:09:23]} Bxf1 {[%clk
0:33:35]} 15. Rdxf1 {[%clk 1:02:52]} Nd7 {[%clk 0:28:49]} 16. Rfg1 {[%clk
0:45:53]} Bxe3+ {[%clk 0:28:18]} 17. Qxe3 {[%clk 0:46:16]} Nb6 {[%clk 0:28:15]}
18. g5 {[%clk 0:41:23]} Kh7 {[%clk 0:25:40]} 19. Rg2 {[%clk 0:33:25]} h5 {[%clk
0:23:55]} 20. f4 {[%clk 0:19:06]} g6 {[%clk 0:24:04]} 21. Rf1 {[%clk 0:18:12]}
a5 {[%clk 0:22:20]} 22. Nd2 {[%clk 0:16:02]} d5 {[%clk 0:19:15]} 23. Qf3 {[%clk
0:14:26]} d4 {[%clk 0:17:43]} 24. Ne2 {[%clk 0:14:13]} Qc5 {[%clk 0:13:58]} 25.
Ng3 {[%clk 0:13:08]} Qd6 {[%clk 0:12:06]} 26. Kb1 {[%clk 0:08:57]} Rad8 {[%clk
0:09:59]} 27. e5 {[%clk 0:08:48]} Qe6 {[%clk 0:09:27]} 28. Nde4 {[%clk
0:07:28]} Nd5 {[%clk 0:09:40]} 29. Nf6+ {[%clk 0:06:32]} Nxf6 {[%clk 0:09:49]}
30. gxf6 {[%clk 0:06:56]} Nxe5 {[%clk 0:07:46]} 31. fxe5 {[%clk 0:07:14]} Qxe5
{[%clk 0:08:12]} 32. a3 {[%clk 0:05:45]} Qb5 {[%clk 0:04:40]} 33. Re2 {[%clk
0:04:29]} d3 {[%clk 0:03:59]} 34. Rxe8 {[%clk 0:03:12]} dxc2+ {[%clk 0:04:17]}
35. Kxc2 {[%clk 0:03:22]} Rxe8 {[%clk 0:04:42]} 36. Qd3 {[%clk 0:03:26]} Qa4+
{[%clk 0:04:11]} 37. Qb3 {[%clk 0:03:39]} Qxb3+ {[%clk 0:04:02]} 38. Kxb3
{[%clk 0:04:06]} Re3+ {[%clk 0:04:25]} 39. Ka4 {[%clk 0:04:25]} Rxg3 {[%clk
0:04:33]} 40. Kxa5 {[%clk 0:04:27]} Rb3 {[%clk 0:03:39]} 41. Rc1 {[%clk
0:01:53]} g5 {[%clk 0:30:26]} 42. hxg5 {[%clk 0:32:30]} Rxb2 {[%clk 0:30:03]}
43. Rxc7 {[%clk 0:30:56]} Kg6 {[%clk 0:30:28]} 44. a4 {[%clk 0:29:07]} h4
{[%clk 0:30:49]} 45. Rc8 {[%clk 0:27:04]} h3 {[%clk 0:25:32]} 46. Rg8+ {[%clk
0:26:11]} Kf5 {[%clk 0:25:54]} 47. Rh8 {[%clk 0:23:25]} h2 {[%clk 0:26:03]} 48.
Rh5 {[%clk 0:20:51]} b6+ {[%clk 0:26:27]} 49. Ka6 {[%clk 0:21:17]} Kg6 {[%clk
0:26:27]} 50. Rh8 {[%clk 0:18:56]} Kxg5 {[%clk 0:26:47]} 51. a5 {[%clk
0:19:21]} bxa5 {[%clk 0:27:00]} 52. Kxa5 {[%clk 0:19:42]} Kxf6 {[%clk 0:26:17]}
53. Ka4 {[%clk 0:20:08]} Kg5 {[%clk 0:25:45]} 54. Ka3 {[%clk 0:20:36]} Rb7
{[%clk 0:25:41]} 55. Rxh2 {[%clk 0:20:56]} f5 {[%clk 0:26:04]} 56. Rh8 {[%clk
0:19:49]} f4 {[%clk 0:26:22]} 57. Rg8+ {[%clk 0:19:31]} Kf5 {[%clk 0:26:45]}
58. Rf8+ {[%clk 0:19:36]} Ke4 {[%clk 0:27:06]} 59. Re8+ {[%clk 0:19:12]} Kf3
{[%clk 0:27:29]} 60. Rf8 {[%clk 0:19:37]} Ke3 {[%clk 0:27:51]} 61. Re8+ {[%clk
0:19:57]} Kf2 {[%clk 0:27:31]} 62. Rf8 {[%clk 0:20:23]} f3 {[%clk 0:27:57]} 63.
Rf6 {[%clk 0:20:41]} Ke2 {[%clk 0:28:14]} 64. Re6+ {[%clk 0:21:07]} Kf1 {[%clk
0:28:38]} 65. Rf6 {[%clk 0:21:31]} f2 {[%clk 0:29:01]} 66. Ka2 {[%clk 0:21:26]}
Re7 {[%clk 0:29:01]} 67. Kb1 {[%clk 0:21:04]} Ke1 {[%clk 0:29:14]} 0-1

[Event "DVM U20 2017"]
[Site "Düsseldorf GER"]
[Date "2017.12.27"]
[Round "2"]
[White "Fistoul, Boris"]
[Black "Machalitza, Marvin"]
[Result "1-0"]
[Termination "normal"]
[Board "1.6"]
[WhiteElo "1924"]
[BlackElo "1766"]
[WhiteClock "00:20:18"]
[BlackClock "00:08:28"]
[WhiteTeam "SG Bochum"]
[BlackTeam "Hamburger SK"]
[PlyCount "71"]
[WhiteFideId "12953962"]
[BlackFideId "16255933"]
[EventCountry "GER"]
[EventRounds "7"]
[EventType "team-swiss"]
[EventDate "2017.12.26"]

1. d4 {[%clk 1:26:26]} c5 {[%clk 1:30:53]} 2. d5 {[%clk 1:26:49]} d6 {[%clk
1:31:17]} 3. c4 {[%clk 1:27:09]} g6 {[%clk 1:31:42]} 4. f3 {[%clk 1:26:43]} Bg7
{[%clk 1:29:56]} 5. Nc3 {[%clk 1:26:28]} e6 {[%clk 1:29:34]} 6. e4 {[%clk
1:26:42]} Ne7 {[%clk 1:28:52]} 7. Be3 {[%clk 1:25:01]} O-O {[%clk 1:27:39]} 8.
Qd2 {[%clk 1:23:34]} exd5 {[%clk 1:26:18]} 9. cxd5 {[%clk 1:23:44]} f5 {[%clk
1:24:32]} 10. Be2 {[%clk 1:21:30]} Nd7 {[%clk 1:21:45]} 11. Nh3 {[%clk
1:19:33]} fxe4 {[%clk 1:16:28]} 12. fxe4 {[%clk 1:19:07]} Ne5 {[%clk 1:13:46]}
13. Nf2 {[%clk 1:13:35]} a6 {[%clk 1:10:56]} 14. a4 {[%clk 1:12:21]} Rb8 {[%clk
1:09:39]} 15. O-O {[%clk 1:08:38]} Bd7 {[%clk 1:07:34]} 16. a5 {[%clk 1:05:36]}
Qe8 {[%clk 0:54:19]} 17. Bh6 {[%clk 0:53:51]} Bb5 {[%clk 0:48:29]} 18. Nxb5
{[%clk 0:51:55]} axb5 {[%clk 0:48:44]} 19. Bxg7 {[%clk 0:52:04]} Kxg7 {[%clk
0:49:06]} 20. Ng4 {[%clk 0:52:01]} Nxg4 {[%clk 0:42:55]} 21. Bxg4 {[%clk
0:51:43]} Ng8 {[%clk 0:42:48]} 22. Be6 {[%clk 0:50:25]} Nf6 {[%clk 0:26:03]}
23. Qe2 {[%clk 0:45:10]} Rd8 {[%clk 0:22:46]} 24. a6 {[%clk 0:39:24]} Qe7
{[%clk 0:17:55]} 25. a7 {[%clk 0:38:24]} c4 {[%clk 0:15:32]} 26. Qe3 {[%clk
0:33:20]} Qc7 {[%clk 0:15:00]} 27. b4 {[%clk 0:25:33]} Ra8 {[%clk 0:14:26]} 28.
g4 {[%clk 0:24:57]} h6 {[%clk 0:10:06]} 29. h4 {[%clk 0:24:17]} Qe7 {[%clk
0:09:48]} 30. g5 {[%clk 0:22:23]} hxg5 {[%clk 0:09:22]} 31. hxg5 {[%clk
0:22:43]} Nxe4 {[%clk 0:09:05]} 32. Rxf8 {[%clk 0:21:04]} Kxf8 {[%clk 0:09:13]}
33. Rf1+ {[%clk 0:20:29]} Ke8 {[%clk 0:09:31]} 34. Qxe4 {[%clk 0:20:06]} Qxg5+
{[%clk 0:09:38]} 35. Bg4+ {[%clk 0:20:17]} Qe5 {[%clk 0:08:28]} 36. Qxg6+
{[%clk 0:20:18]} 1-0

[Event "DVM U20 2017"]
[Site "Düsseldorf GER"]
[Date "2017.12.27"]
[Round "2"]
[White "Pluska, Alexander"]
[Black "Xu, Xianliang"]
[Result "0-1"]
[Termination "normal"]
[Board "2.1"]
[BlackTitle "FM"]
[WhiteElo "2196"]
[BlackElo "2401"]
[WhiteClock "00:20:34"]
[BlackClock "00:22:30"]
[WhiteTeam "SK Doppelbauer Kiel"]
[BlackTeam "SG Porz"]
[PlyCount "88"]
[WhiteFideId "12975141"]
[BlackFideId "4603230"]
[EventCountry "GER"]
[EventRounds "7"]
[EventType "team-swiss"]
[EventDate "2017.12.26"]

1. e4 {[%clk 1:30:57]} c5 {[%clk 1:30:44]} 2. Nf3 {[%clk 1:31:22]} d6 {[%clk
1:30:51]} 3. Bc4 {[%clk 1:31:28]} Nc6 {[%clk 1:29:52]} 4. h3 {[%clk 1:31:34]}
Nf6 {[%clk 1:29:26]} 5. d3 {[%clk 1:31:57]} g6 {[%clk 1:27:41]} 6. O-O {[%clk
1:32:17]} Bg7 {[%clk 1:28:04]} 7. c3 {[%clk 1:32:38]} O-O {[%clk 1:24:54]} 8.
Bb3 {[%clk 1:32:18]} b6 {[%clk 1:11:12]} 9. Nbd2 {[%clk 1:32:42]} Bb7 {[%clk
1:09:44]} 10. Re1 {[%clk 1:33:03]} Rc8 {[%clk 1:07:35]} 11. Nf1 {[%clk
1:32:40]} Qc7 {[%clk 1:05:20]} 12. Ng3 {[%clk 1:32:38]} Rfd8 {[%clk 0:56:58]}
13. Bf4 {[%clk 1:32:49]} Ne5 {[%clk 0:54:18]} 14. d4 {[%clk 1:23:47]} Nxf3+
{[%clk 0:54:07]} 15. Qxf3 {[%clk 1:24:10]} a5 {[%clk 0:53:51]} 16. d5 {[%clk
1:14:26]} Nd7 {[%clk 0:48:49]} 17. Qe2 {[%clk 1:12:50]} c4 {[%clk 0:44:54]} 18.
Bc2 {[%clk 1:13:07]} b5 {[%clk 0:39:57]} 19. Qd2 {[%clk 1:12:23]} Nc5 {[%clk
0:35:11]} 20. Ne2 {[%clk 1:11:48]} e6 {[%clk 0:33:26]} 21. dxe6 {[%clk
1:04:15]} Nxe6 {[%clk 0:33:29]} 22. Bg3 {[%clk 1:03:00]} b4 {[%clk 0:31:21]}
23. Rad1 {[%clk 0:59:15]} Qb6 {[%clk 0:29:37]} 24. Bh4 {[%clk 0:58:28]} f6
{[%clk 0:21:49]} 25. b3 {[%clk 0:26:20]} d5 {[%clk 0:18:37]} 26. Qc1 {[%clk
0:20:42]} dxe4 {[%clk 0:15:30]} 27. Rxd8+ {[%clk 0:20:49]} Rxd8 {[%clk
0:15:11]} 28. bxc4 {[%clk 0:19:09]} g5 {[%clk 0:13:54]} 29. Bg3 {[%clk
0:19:26]} f5 {[%clk 0:13:39]} 30. cxb4 {[%clk 0:17:13]} Qxb4 {[%clk 0:13:37]}
31. Rd1 {[%clk 0:12:26]} Rxd1+ {[%clk 0:13:45]} 32. Qxd1 {[%clk 0:12:35]} f4
{[%clk 0:13:49]} 33. Qd7 {[%clk 0:09:27]} Nf8 {[%clk 0:10:25]} 34. Qg4 {[%clk
0:09:09]} Qd2 {[%clk 0:06:47]} 35. Bb3 {[%clk 0:02:49]} fxg3 {[%clk 0:06:55]}
36. fxg3 {[%clk 0:01:56]} Kh8 {[%clk 0:04:16]} 37. Kh2 {[%clk 0:01:21]} Qe3
{[%clk 0:01:51]} 38. Qh5 {[%clk 0:01:15]} Bc8 {[%clk 0:00:51]} 39. c5 {[%clk
0:01:14]} Ng6 {[%clk 0:00:42]} 40. Bf7 {[%clk 0:00:42]} Nf8 {[%clk 0:00:37]}
41. Bb3 {[%clk 0:26:15]} Ng6 {[%clk 0:28:55]} 42. Bf7 {[%clk 0:20:13]} Ne5
{[%clk 0:28:18]} 43. Bd5 {[%clk 0:20:13]} Bd7 {[%clk 0:28:05]} 44. c6 {[%clk
0:20:34]} Nf3+ {[%clk 0:22:30]} 0-1